| 000 | 00415nam a2200157Ia 4500 | ||
|---|---|---|---|
| 008 | 210716s2006 xx 000 0 und d | ||
| 020 | _a9780761935322 | ||
| 041 | _aeng | ||
| 082 | _a158.7 SIND | ||
| 100 | _aSingh, Dalip. | ||
| 245 |
_aEmotional intelligence at work: a professional guide. _bProfessional guide. |
||
| 250 | _a3 | ||
| 260 |
_aNew Delhi _bResponse Books _c2006 |
||
| 300 | _a235 | ||
| 650 | _aNone | ||
| 999 |
_c202548 _d202548 |
||